Relación comercio deuda y sus implicaciones para América Latina /
sin resumen
Saved in:
| Main Author: | |
|---|---|
| Format: | Text |
| Tags: |
Add Tag
No Tags, Be the first to tag this record!
|
MARC
| LEADER | 00000 a a2200000 04500 | ||
|---|---|---|---|
| 001 | 6958 | ||
| 003 | |||
| 040 | |||
| 100 | |a Restrepo Alzate, Martha Celina | ||
| 245 | |a Relación comercio deuda y sus implicaciones para América Latina / |c Martha Celina Restrepo Alzate | ||
| 520 | |a sin resumen | ||
| 773 | |g volumen 1, número 2; páginas 21-57 | ||
| 999 | |c 35799 |d 35799 | ||
| 773 | 0 | |0 43517 |9 5066 |a Universidad Nacional de Colombia. |d Medellín, Colombia: Universidad Nacional de Colombia. Facultad de Ciencias Humanas. Departamento de Economía 1990- |o MFN: 1775 |t Ensayos de Economía / |x 0121-117X | |
